| 000 | 01147cam a2200313 i 4500 | ||
|---|---|---|---|
| 001 | 461945 | ||
| 003 | EG-ScBUE | ||
| 005 | 20251207103554.0 | ||
| 008 | 830824s1987 enka f b 001 0 eng | ||
| 020 | _a0521347831 (pbk) | ||
| 020 | _a9780521347839 | ||
| 040 |
_aEG-ScBUE _beng _erda _cEG-ScBUE _dEG-ScBUE |
||
| 082 | 0 | 4 |
_a547.70455 _222 _bGUI |
| 100 | 1 |
_aGuillet, James, _96744 _eauthor. |
|
| 245 | 1 | 0 |
_aPolymer photophysics and photochemistry : _ban introduction to the study of photoprocesses in macromolecules / _cJames Guillet, Professor of Chemistry, University of Toronto. |
| 264 | 1 |
_aCambridge : _bCambridge University Press, _c1987. |
|
| 300 |
_axiii, 391 pages : _billustrations ; _c24 cm |
||
| 336 |
_2rdacontent _atext _btxt |
||
| 337 |
_aunmediated _2rdamedia _bn |
||
| 338 |
_avolume _bnc _2rdacarrier |
||
| 500 | _aFirst paperback edition with corrections. | ||
| 504 | _aIncludes bibliographical references and index. | ||
| 650 | 7 |
_aPolymers. _96745 _2BUEsh |
|
| 650 | 7 |
_aPolymerization. _96746 _2BUEsh |
|
| 650 | 7 |
_aPhotochemistry. _96747 _2BUEsh |
|
| 650 | 7 |
_aLight. _96748 _2BUEsh |
|
| 655 | _vReading book | ||
| 942 |
_2ddc _cBB |
||
| 999 |
_c11980 _d11980 |
||